Walking Dead Greene Farm Characters - Statistics

General Stats
  • This quiz has been taken 18 times
  • The average score is 6 of 6
Answer Stats
Answer % Correct
Beth Greene
100%
Maggie Greene
100%
Hershel Greene
94%
Jimmy
94%
Otis
94%
Patricia
88%
No matching quizzes found
Score Distribution
Percent of People with Each Score
Percentile by Number Answered
Your Score History
You have not taken this quiz